000 00687nam a2200229Ia 4500
001 16857
003 GE_BSU
008 181216s||||||||xx |||||||||||||| ||und||
040 _cGE_BSU
080 _a821.353.1-32
100 _aგელაშვილი, გიორგი
245 _aროდესაც თენდებოდა
245 _bნოველები
245 _cრედ.ხ.ბერულავა
260 _aთბილისი
260 _bნაკადული
260 _c1961
300 _a108გვ. ; 15სმ
653 _aნოველები
653 _aროდესაც თენდებოდა
942 _cBK
999 _c49921
_d49921